banner koha

Anais da 14. Reuniao Tecnica Anual do Sorgo (Registro n. 38074)

MARC details
000 -LÍDER
campo de controle de tamanho fixo 00850nam a22002657a 4500
001 - NÚMERO DE CONTROLE
campo de controle BR8602854
003 - IDENTIFICADOR DO NÚMERO DE CONTROLE
campo de controle BR-BrBNA
005 - DATA E HORÁRIO DA ÚLTIMA TRANSAÇÃO
campo de controle 20230928092258.0
007 - CAMPO FIXO DE DESCRIÇÃO FÍSICA--INFORMAÇÃO GERAL
campo de controle de tamanho fixo ta
008 - CAMPO DE DADOS FIXOS--INFORMAÇÃO GERAL
campo de controle de tamanho fixo 230509b bl.||||| |||| 00| 0 por d
040 ## - FONTE DA CATALOGAÇÃO
Instituição da catalogação original BR-BrBNA
Idioma da catalogação por
Instituição que transcreveu o registro Biblioteca Nacional de Agricultura
041 ## - CÓDIGO DE IDIOMA
Código do idioma do texto/trilha sonora ou título diferente (Por)
072 ## - CÓDIGO DE CATEGORIA DE ASSUNTO
Código de Categoria de Assunto F01
Código do objeto 0170
090 ## - NÚMERO DE CHAMADA LOCAL
-- 0170 BR8602854
110 1# - ENTRADA PRINCIPAL--NOME CORPORATIVO
Nome corporativo ou nome da jurisdição Instituto de Pesquisas Agronomicas, Porto Alegre, RS (Brasil)
9 (RLIN) 6134
111 1# - ENTRADA PRINCIPAL--NOME DO EVENTO
Nome do evento ou lugar 14. Reuniao Tecnica Anual do Sorgo
Local do evento Porto Alegre, RS (Brazil)
Data do evento ou assinatura do tratado 20-23 Aug 1985
245 1# - TÍTULO
Título Anais da 14. Reuniao Tecnica Anual do Sorgo
246 1# - FORMA VARIANTE DO TÍTULO
Título/título abreviado [Annals of the 14. Technical Yearly Meeting of Sorghum]
260 3# - PUBLICAÇÃO, DISTRIBUIÇÃO, ETC.
Local de publicação, distribuição, etc. Porto Alegre, RS (Brasil):
Data da publicação, distribuição, etc. 1985.
300 ## - DESCRIÇÃO FÍSICA
Extensão 189 p.
650 ## - ASSUNTO--TERMO TÓPICO
Cabeçalho tópico ou nome geográfico SORGO ACUCAREIRO
650 ## - ASSUNTO--TERMO TÓPICO
Cabeçalho tópico ou nome geográfico SORGO GRANIFERO
909 ## -
-- 202309
-- Lucia
-- 55
-- Lucia Elande
942 ## - ELEMENTOS DE ENTRADA ADICIONADOS (KOHA)
Tipo de material Koha Livros
Exemplares
Situação do descarte Fonte da classificação ou esquema de arquivamento na estante Situação física Não pode ser emprestado Coleção Biblioteca de origem Biblioteca atual Total de empréstimos Número de telefone completo Código de barras Data de último acesso Número do exemplar Tipo de material Koha Situação das perdas Data de aquisição Fonte de aquisição
  Classificação AGRIS       Biblioteca Nacional de Agricultura - Binagri Biblioteca Nacional de Agricultura - Binagri   0170 BR8602854 0170 BR8602854 25/09/2023 01 Livros   2023-09-25 Portaria Interministerial nº 164/94

BINAGRI

Telefone: (61)3218-2567/2388/3357/2097 - binagri@agro.gov.br

Ministério da Agricultura e Pecuária , Esplanada dos Ministérios, Bloco D, Anexo B, Brasília/DF, CEP: 70.043-900